000 01547nam a2200457 i 4500
001 15007
003 KOSZ 005
005 20240405063021.0
008 990506s1972 pl a f 001 0 pol d
015 _aPB 1973/372
035 _a991010583969705066
035 _a(PL-WaBN)b12885022-48omnis_nlop
035 _ab12885022
035 _a(OCoLC)835930871
035 _a(PL)b0000001288502
035 _a(EXLNZ-48OMNIS_NETWORK)9910080529805606
040 _aWA N
_cWA N
_dKOSZ 005/KK
_dKOSZ 005/RW
046 _k1972
080 _a321.72
080 _a329(44)"19"
245 0 0 _aFrancja :
_bsystem polityczny : partie i organizacje społeczno-polityczne /
_cNapoleon Fortini [et al.].
260 _aWarszawa :
_b"Książka i Wiedza",
_c1972.
300 _a436, [4] stron :
_bilustracje ;
_c17 cm.
336 _aTekst
_btxt
_2rdacontent
337 _aBez urządzenia pośredniczącego
_bn
_2rdamedia
338 _aWolumin
_bnc
_2rdacarrier
380 _aKsiążki
388 _a1901-2000
504 _aIndeks.
648 7 _a1901-2000
_2DBN
650 7 _aOrganizacje
650 7 _aPartie polityczne
651 7 _aFrancja
658 _aHistoria
658 _aPolityka, politologia, administracja publiczna
700 1 _aFortini, Napoleon
_eAutor
710 2 _aSpółdzielnia Wydawniczo-Handlowa "Książka i Wiedza"
_4pbl
856 _uhttp://koha.tu.koszalin.pl/cgi-bin/koha/opac-detail.pl?biblionumber=15007
_yKatalog online BPK
942 _2UKD
_cKS
999 _c15007
_d15007